Estatísticas para Clubes dos jogadores da Seleção Brasileira durante a Copa de 2010

Clique aqui para jogar o quiz

Estatísticas Gerais

  • Esse quiz foi jogado 294 vezes
  • A pontuação média é 17 de 23

Estatísticas das Respostas

JogadorPosiçãoClube% Correto
Daniel AlvesLateralBarcelona
99%
KakáMeiaReal Madrid
98%
Thiago SilvaZagueiroMilan
96%
RobinhoAtacanteSantos
93%
Júlio CésarGoleiroInternazionale
91%
MaiconLateralInternazionale
91%
LúcioZagueiroInternazionale
91%
Júlio BaptistaAtacanteRoma
87%
JuanZagueiroRoma
87%
DoniGoleiroRoma
87%
KlébersonMeiaFlamengo
80%
RamiresVolanteBenfica
79%
LuisãoZagueiroBenfica
79%
Felipe MeloVolanteJuventus
78%
JosuéVolanteWolfsburg
71%
GrafiteAtacanteWolfsburg
71%
GilbertoLateralCruzeiro
68%
Luís FabianoAtacanteSevilla
68%
Michel BastosLateralOlympique Lyonnais
59%
GomesGoleiroTottenham
53%
ElanoMeiaGalatasaray
49%
NilmarAtacanteVillarreal
27%
Gilberto SilvaVolantePanathinaikos
24%

Distribuição das Pontuações

Percentil de Números Respondidos

Porcentagem de Pessoas com Cada Pontuação

Sua Pontuação Histórica

Você não jogou esse quiz